000 00339nam a2200157Ia 4500
001 16664
003 IN-NITTTR
005 20251114233157.0
008 251113s9999||||xx |||||||||||||| ||eng||
040 _beng
040 _cIN-NITTTR
041 _aeng
082 _a004.01 W38I
245 0 _aIBM PC AT users' handbook /
942 _2ddc
_cBK
999 _c19298
_d19298